Statistics for NBA Best Point Guard per Category

Click here to take the quiz!

General Stats

  • This quiz has been taken 133 times
  • The average score is 9 of 12

Answer Stats

CategoryPoint Guard% Correct
ScoringStephen Curry
98%
ShootingStephen Curry
90%
ReboundingRussell Westbrook
86%
OverallStephen Curry
82%
HandlesKyrie Irving
78%
PlaymakingChris Paul
71%
AthleticisimRussell Westbrook
71%
LeadershipStephen Curry
67%
EfficiencyStephen Curry
65%
IQStephen Curry
61%
ClutchDamian Lillard
57%
DefendingPatrick Beverly
25%

Score Distribution

Percentile by Number Answered

Percent of People with Each Score

Your Score History

You have not taken this quiz